El Tratado de libre comercio de Norteamérica y sus implicaciones para Costa Rica /

Se estudia el Tratado de Libre Comercio de Norte América (TLC), que aparece como una reacción de los Estados Unidos ante la amenaza de perder su posición de superpotencia económica, producto del surgimiento de bloques económicos altamente competitivos como la Comunidad Europea y el eventual bloque d...

詳細記述

保存先:
書誌詳細
第一著者: Chaves G, Luis Alberto
フォーマット: テキスト
主題:
タグ: タグ追加
タグなし, このレコードへの初めてのタグを付けませんか!

MARC

LEADER 00000 a a2200000 04500
001 13374
003
040
100 |a Chaves G, Luis Alberto  
245 |a El Tratado de libre comercio de Norteamérica y sus implicaciones para Costa Rica /  |c Luis Alberto Chaves G 
520 |a Se estudia el Tratado de Libre Comercio de Norte América (TLC), que aparece como una reacción de los Estados Unidos ante la amenaza de perder su posición de superpotencia económica, producto del surgimiento de bloques económicos altamente competitivos como la Comunidad Europea y el eventual bloque del Sudeste Asiático liderado por Japón. Por este motivo se establece la Iniciativa para las Américas, cuya primera manifestación es el TLC, integrado por Canadá, Estados Unidos y México. Muchos países del hemisferio tienen una clara intención de ser socios de este club comercial, pero deben cumplir con una serie de requisitos que le permitan ingresar. Estos requisitos se establecen como condiciones previas, en algunos casos más severas que la condicionalidad establecida por los organismos financieros multilaterales para el otorgamiento de créditos. Para el caso de Costa Rica, la negociación promete ser difícil, producto de la inexperiencia en el campo de las negociaciones comerciales y económicas. Además, por el hecho de que el país se ha quedado rezagado con respecto a otros países de la región, en cuanto a las reformas estructurales de su economía, a pesar de haber sido uno de los primeros en inciar los programas de ajuste. La institucionalidad del país se encuentra amenzada, porque si el país desea ingresar al TLC, se verá obligado a acelerar la reforma del Estado. Esta transformación del sector público no debe ser a costa del asalariado y en detrimento de la soberanía y de los bienes de la nación. HB/HMBQ  
650 |a TRATADO DE LIBRE COMERCIO  
650 |a INTERVENCION EXTRANJERA  
650 |a ASPECTOS ECONOMICOS  
650 |a ESTADO  
773 |g número 25; páginas 39-51  
999 |c 23336  |d 23336